000 00890nam a22002297a 4500
003 UA-OsUOA
001 41037
007 ta
008 20080710b un ||||| |||| 00| 0 ukr d
090 _a281.9
_bВ27
942 _cBK
040 _aUA-OsUOA
_bukr
_cUA-OsUOA
_dUA-OsUOA
245 _aВеликі роковини.
300 _a224 с.
955 _a1
041 _aukr
080 _a281.9
260 _aВінніпег
_c1938
246 3 1 _aЧ.1; Ч.2; Ч.3.
_n950-літній ювілей хрещення України; Двадцятьлітній ювілей української греко-православної церкви в Канаді; Пропамятна книга української греко-православної церкви в Канаді.
650 7 _a281.9 Східна православна церква і скопці
_2UDC
999 _c439540
_d439540